How to Paint on Silk (Record no. 233825)

MARC details
000 -LEADER
fixed length control field 00274pam a2200133 a 4500
020 ## - INTERNATIONAL STANDARD BOOK NUMBER
Terms of availability
041 ## - LANGUAGE CODE
Language code of original
082 ## - DEWEY DECIMAL CLASSIFICATION NUMBER
Item number 0036
100 ## - MAIN ENTRY--PERSONAL NAME
Personal name Ram Dawson.
245 ## - TITLE STATEMENT
Title How to Paint on Silk
Medium Textual Documents
250 ## - EDITION STATEMENT
Edition statement 1996.
260 ## - PUBLICATION, DISTRIBUTION, ETC.
Place of publication, distribution, etc. pune:
Name of publisher, distributor, etc. Search Press.
930 ## - EQUIVALENCE OR CROSS-REFERENCE-UNIFORM TITLE HEADING [LOCAL, CANADA]
Uniform title 35
Holdings
Withdrawn status Lost status Damaged status Not for loan Home library Current library Date acquired Source of acquisition Cost, normal purchase price Total Checkouts Full call number Barcode Date last seen Copy number Price effective from Koha item type
        College of Fine Arts, Pune College of Fine Arts, Pune 03/08/2013 m/s. Unicate Publication 170.00   0036 FAP-0036 07/03/2023 1 07/03/2023 Book